Wireless Lans end to endtm

Bibliographic Details
Main Author: Bruce, Walter R.
Format: Book
Published: New York : Hungry Minos , 2002
Subjects:

MARC

LEADER 00000cam a2200000 7i4500
001 0000012271
005 20050615.0
020 |a 0764548883 
040 |a INS 
090 0 0 |a TK5105.78   |b B78 2002 
100 1 |a Bruce, Walter R. 
245 1 0 |a Wireless Lans end to endtm   |c Walter R. Bruce 
260 |a New York :   |b Hungry Minos ,   |c 2002 
300 |a xxi :   |b 382p ;   |c 23cm. 
650 0 0 |a Wireless Lans 
999 |a 0000011031   |b BOOK   |c Open Shelf   |e Default branch